| 000 | 00493nam a22001817a 4500 | ||
|---|---|---|---|
| 003 | CEME | ||
| 005 | 20210628204110.0 | ||
| 008 | 210112b xxu||||| |||| 00| 0 eng d | ||
| 020 | _a9781435488881 | ||
| 040 | _cceme | ||
| 082 | _a670.427 BAR | ||
| 100 |
_aBartelt, Terry _968731 |
||
| 245 | _aIndustrial automated systems , instrumentation and motion control | ||
| 260 |
_aUSA _bDELMAR _c2011 |
||
| 300 | _aXXIV, 720P | ||
| 650 |
_aINDUSTRIAL AUTOMATED SYSTEMS. _968732 |
||
| 942 |
_cBK _2ddc |
||
| 999 |
_c576214 _d576214 |
||